Регионална библиотека "Любен Каравелов" - Русе

Малкият Никола - 2 (Запис номер 177951)

MARC детайли
000 -Лидер
Контролно поле с фиксирана дължина 01902nam a2200421 c 4500
003 - Код на организацията, давaща контролен номер
Контролно поле BLK
005 - Дата и час на последна редакция
Контролно поле 20250729105848.0
008 - Елементи от данни с фиксирана дължина
fixed length control field 180411b bul|||||r ||||||| ||bul||
010 ## - Наследен системен номер
LC control number KNG00186648000
020 ## - Международен стандартен номер на книга ISBN
Международен стандартен номер на книга ISBN 978-619-150-322-3
-- издат.: Колибри
040 ## - Източник на каталожния запис
Идентификатор на билиотеката - собственик на записа BLK
041 ## - Код за език
Код за езика на текст/звукозапис или на отделно заглавие Български
Код за езика КДБФ Български
072 #7 - Код за тематичната категория
Код организация bullib
Код за тематична категория Н85
Текст Детска художествена литература Н
080 ## - УДК
Текстов определител УДК Френска литература
УДК код - определител по УДК 821.133.1
УДК определител -93-91
УДК - код + определител 821.133.1-93-91
139 ## - Редно поле
Редна дума Малкият Никола - 2
Авторски знак Малк - М 23
245 10 - Сведения за заглавието
Заглавие Малкият Никола - 2
Подзаглавни данни Смелчага
Редно поле (дума) по Рьоне Госини; по Жан-Жак Семпе; адапт. Еманюел Льопти; прев. Румяна Димитрова Маркова.
257 ## - Страна на издаване
Страна на създаване/издаване Франция
260 ## - Област на издателските данни
-- София
Име на издателя, разпространителя и проч. Колибри
Година на издаване 2014
Печатница София : Дедракс
300 ## - Физическа характеристика
Страници 31 с.
Илюстрации и др. с цв. ил.
Размери/Мащаб 19 см
380 ## - Жанр
Жанр Детска худож. лит.
490 1# - СЕРИИ (Колекции)
Име на серия Поредица за най-малките Аз се уча да чета
490 1# - СЕРИИ (Колекции)
-- Подсерия
Име на серия Мога да чета самичък
№: серия Ниво 2
500 ## - Общи забележки
Забележка Ориг. загл. Le Petit Nicolas. Meme pas peur / d'apres l'ouevre de Rene Goscinny et Jean-Jacques Sempe.
653 ## - Ключова дума – ненормативна
Ключова дума адаптирани книги
653 ## - Ключова дума – ненормативна
Ключова дума литература за деца
653 ## - Ключова дума – ненормативна
Ключова дума детска литература
659 ## - Тематичен бюлетин
Тематичен бюлетин Н
700 1# - Други автори (авторска отговорност)
Лично име Госини, Рьоне
Автороска отговорност (Описва отношението между автора и произведението) по
9 (RLIN) 55312
700 1# - Други автори (авторска отговорност)
Лично име Семпе, Жан-Жак
Автороска отговорност (Описва отношението между автора и произведението) по
9 (RLIN) 119652
700 1# - Други автори (авторска отговорност)
Лично име Льопти, Еманюел
Автороска отговорност (Описва отношението между автора и произведението) адапт.
9 (RLIN) 90147
700 1# - Други автори (авторска отговорност)
Лично име Маркова, Румяна Димитрова
Автороска отговорност (Описва отношението между автора и произведението) прев.
9 (RLIN) 381436
852 ## - Местоположение
Форматна сигнатура Цб 279633
856 4# - Електронен адрес и достъп
Електронен формат pdf - файл
Път до файла /url/
856 4# - Електронен адрес и достъп
Електронен формат pdf - файл
Път до файла /url/
942 ## - АРТИКУЛИ
Вид на библиотечния материал Книги
Скрит в OPAC Не
Koha issues (borrowed), all copies 52
944 ## - СЪЗДАВАНЕ И РЕДАКЦИЯ на ЗАПИСА
Създаване/Редакция Създаване
Дата на регистрацията/редакция 19.02.2016
Статус, дата на статуса Бояна Костадинова
Служител, извършил регистрацията/редакцията 30551
944 ## - СЪЗДАВАНЕ И РЕДАКЦИЯ на ЗАПИСА
Създаване/Редакция Редакция
Дата на регистрацията/редакция 14.10.2016
Статус, дата на статуса ф /
Служител, извършил регистрацията/редакцията Людмила_Стоянова
999 ## - СИСТЕМНИ КОНТРОЛНИ НОМЕРА
Koha biblionumber 177951
Koha biblioitemnumber 177951
Наличности
Код за отписване Код за изгубен артикул Код за повреда Коз за рестрикции Код за отдаване Артикулен № Име на библиотеката - собственик Име на библиотеката, в която се намира в момента Статус (Текущо местоположение) Дата на вписване в системата Местоположение - отдел Цена в лева Инвентарен номер Систематично азбучна сигнатура Баркод Номер на екземпляра Цена в евро Служебна бележка Служебен тип на артикула Източник на класификационната схема
  Не е изгубен Не е повреден без рестрикции заемане за дома 305748 Регионална библиотека "Любен Каравелов" Русе Регионална библиотека "Любен Каравелов" Русе Детски отдел 2016-02-19 Детски отдел 5.99 120000798077 ДХ 820/899/М 23 120000798077 1 3.06 Дост: Pk Вид: Ф N: 456 Дата: 19.02.2016 Книги  
  Не е изгубен Не е повреден без рестрикции заемане за дома 305749 Регионална библиотека "Любен Каравелов" Русе Регионална библиотека "Любен Каравелов" Русе Детски отдел 2016-02-19 Детски отдел 5.99 120000798078 ДХ 820/899/М 23 120000798078 2 3.06 Дост: Pk Вид: Ф N: 456 Дата: 19.02.2016 Книги  
  Не е изгубен Не е повреден без рестрикции ползва се в читалня 305750 Регионална библиотека "Любен Каравелов" Русе Регионална библиотека "Любен Каравелов" Русе Хранилище 2016-08-11 Хранилище 5.99 120000802727 Цб 279633 120000802727 3 3.06 Дост: Dp Вид: Д N: 26 Дата: 30.05.2016 Книги  
  Не е изгубен Не е повреден без рестрикции заемане за дома 305751 Регионална библиотека "Любен Каравелов" Русе Регионална библиотека "Любен Каравелов" Русе Детски отдел 2016-10-13 Детски отдел 5.99 120000804642 ДХ 820/899/М 23 120000804642 4 3.06 Дост: Pk Вид: Ф N: 472 Дата: 13.10.2016 Книги  
  Не е изгубен Не е повреден без рестрикции заемане за дома 305752 Регионална библиотека "Любен Каравелов" Русе Регионална библиотека "Любен Каравелов" Русе Детски отдел 2016-10-13 Детски отдел 5.99 120000804643 ДХ 820/899/М 23 120000804643 5 3.06 Дост: Pk Вид: Ф N: 472 Дата: 13.10.2016 Книги Universal Decimal Classification
Vip Innovations Ltd, Rousse, Bulgaria 2025